Religion A-Z #1 - Statistics

General Stats
  • This quiz has been taken 61,494 times
    40,931 since last reset
  • The average score is 18 of 26
Answer Stats
Clue Answer % Correct
A Last word in the Lord's Prayer Amen
97%
F Pope elected in 2013 Francis
94%
D Slayer of Goliath David
93%
E First woman in the Bible Eve
93%
N Famous ark builder & flood survivor Noah
93%
Q Holy book of Islam Quran
88%
B Siddhārtha Gautama by another name Buddha
87%
I Most populous Shia-majority country Iran
86%
O Father of Thor Odin
83%
P Movement started by Martin Luther: __________ Reformation Protestant
82%
Y Group of Hindu spiritual practices that can include stretching exercises Yoga
77%
C Leader of the Church of England: Archbishop of __________ Canterbury
75%
R Religion that originated in Jamaica Rastafari
73%
T First five books of the Jewish Bible Torah
73%
H Muslim pilgrimage to Mecca Hajj
71%
S Indigenous religion of Japan Shinto
68%
V Blue four-armed Hindu God Vishnu
66%
Z The Holy Land – synonymous with Jerusalem Zion
63%
L His wife became a pillar of salt Lot
55%
W Modern pagan religion symbolized by a pentagram Wicca
49%
J Indian religion that espouses non-violence to all living creatures {Jain}ism
48%
K Cube-shaped building in Mecca; Islam's holiest site Kaaba
48%
M Mosque tower from which the call to prayer is made Minaret
44%
G Hotel room Bible distributor Gideons
39%
U City where Abraham was born Ur
34%
X Taoist term for an immortal person Xian
10%
No matching quizzes found
Score Distribution
Percent of People with Each Score
Percentile by Number Answered
Your Score History
You have not taken this quiz since the last reset